US State Capitals - Statistics

General Stats
  • This quiz has been taken 26 times
  • The average score is 43 of 50
Answer Stats
State Name Capital % Correct
Idaho Boise
95%
Colorado Denver
95%
Tennessee Nashville
95%
Oklahoma Oklahoma City
95%
Florida Tallahassee
95%
New York Albany
91%
Maryland Annapolis
91%
Texas Austin
91%
South Carolina Columbia
91%
Ohio Columbus
91%
Delaware Dover
91%
Kentucky Frankfort
91%
Hawaii Honolulu
91%
Indiana Indianapolis
91%
Washington Olympia
91%
Arizona Phoenix
91%
South Dakota Pierre
91%
Utah Salt Lake City
91%
Massachusetts Boston
86%
Nevada Carson City
86%
Iowa Des Moines
86%
Connecticut Hartford
86%
Missouri Jefferson City
86%
Alaska Juneau
86%
Michigan Lansing
86%
Rhode Island Providence
86%
North Carolina Raleigh
86%
California Sacramento
86%
Oregon Salem
86%
New Mexico Santa Fe
86%
Illinois Springfield
86%
Georgia Atlanta
82%
Louisiana Baton Rouge
82%
West Virginia Charleston
82%
Pennsylvania Harrisburg
82%
Montana Helena
82%
Mississippi Jackson
82%
Alabama Montgomery
82%
Virginia Richmond
82%
Maine Augusta
77%
North Dakota Bismarck
77%
Nebraska Lincoln
77%
Arkansas Little Rock
77%
Wisconsin Madison
77%
Vermont Montpelier
77%
Minnesota Saint Paul
77%
Kansas Topeka
77%
New Jersey Trenton
77%
Wyoming Cheyenne
73%
New Hampshire Concord
68%
No matching quizzes found
Score Distribution
Percent of People with Each Score
Percentile by Number Answered
Your Score History
You have not taken this quiz